000 00583nam a2200217Ii 4500
003 JO-AjNU
008 230606s9999||||xx |||||||||||||| ||und||
020 _a978-0-256-10318-6
040 _aJO-AjNU
_beng
_erda
_cJO-AjNU
041 _aeng
050 1 4 _aHF5687.R72.1993
100 3 _aRobertson, Jack C, PH.D, CPA, CFE,
_eauthor
_96851
245 0 0 _aAuditing
250 _a7th ed
264 3 1 _aSydney: IRWIN, 1993
300 _a1124p
336 _atext
_btxt
_2rdacontent
337 _aunmediated
_bn
_2rdamedia
338 _avolume
_bnc
_2rdacarrier
650 4 _aAuditing
_96852
999 _aE3577
_c3550
_d3550